000 01211cam a2200301 a 4500
001 13743508
005 20090223134534.0
008 041007r20051965nyu b 001 0beng
010 _a 2004114763
020 _a1932857095 (alk. paper)
040 _aDLC
_cDLC
_dDLC
050 0 0 _aBT301.3
_b.S36 2005
100 1 _aSchonfield, Hugh J.
_q(Hugh Joseph),
_d1901-1988.
245 1 4 _aThe passover plot /
_cHugh J. Schonfield.
250 _a40th anniversary ed.
260 _aNew York :
_bDisinformation Co. ;
_aSt. Paul, MN :
_bDistributed by Consortium Book Sales and Distribution,
_c2005.
300 _a278 p. ;
_c22 cm.
500 _aOriginally published: London : Hutchinson, 1965.
504 _aIncludes bibliographical references (p. [277]-281) and index.
600 0 0 _aJesus Christ
_vBiography.
600 0 0 _aJesus Christ
_xMessiahship.
600 0 0 _aJesus Christ
_xJewish interpretations.
600 0 0 _aJesus Christ
_xPassion
_xRole of Jews.
906 _a7
_bcbc
_corigcop
_d2
_eepcn
_f20
_gy-gencatlg
942 _2lcc
_cBK
999 _c34053
_d34053